Peto on irti - Antti Tuiski - sanat - Statistics

Yleistilastot
  • Tätä visaa on pelattu 58 kertaa
  • Keskiarvotulos 237 / 310
Vastaustilastot
Hint Vastaus % Oikein
. irti
96%
. ku
96%
.
96%
. on
96%
. peto
96%
. ja
94%
. kun
90%
. flippaan
86%
. lähtee
86%
. pöydät
84%
. estot
82%
. me
82%
.
82%
. se
82%
. sit
82%
. täyteen
80%
. siltä
78%
. täh
78%
. tuntuu
78%
. aukee
76%
. maailma
76%
. mie
76%
. oli
76%
. et
73%
. laita
73%
. pois
73%
. antti
71%
. itketään
71%
. mut
71%
. poikki
71%
. soimaan
71%
. tän
71%
. tuisku
71%
. kantakaa
69%
. oon
69%
. perjantai
69%
. sylkee
69%
. täältä
69%
. vaihtuu
69%
. baariin
67%
. pikkasen
67%
. sanoin
67%
. sille
67%
. aina
65%
. ihan
65%
. muutki
65%
. niinku
65%
. tulin
65%
. dj
63%
. kans
63%
. kävelen
61%
. no
61%
. pilkun
61%
. tänne
61%
. aikaan
59%
. että
59%
. häh
59%
. kato
59%
. kerran
59%
. mitä
59%
. mun
59%
. sinne
59%
. sisään
59%
. haddaway
57%
. oikein
57%
. soittaa
57%
. tanssilattian
57%
. luulet
55%
. olevas
55%
. bailaan
53%
. jätkä
53%
. lähettiin
53%
. oot
53%
. päästiin
53%
. toi
53%
. kavereitten
51%
. lupaan
51%
. mietin
51%
. musaa
51%
. päätin
51%
. uudet
51%
. joten
47%
. ketä
47%
. sitten
47%
. sanoo
45%
. käyn
43%
. tyyppi
43%
. laitto
41%
. hoidot
39%
. tiesin
39%
. biisin
37%
. alko
35%
. is
35%
. jengi
35%
. love
33%
. what
33%
. muuten
31%
. tai
31%
. twerkkaa
29%
. laittoikin
10%
Ehtoja vastaavia visoja ei löytynyt
Tulosjakauma
Jokaisen tuloksen saaneiden osuus
Persentiili vastausten määrän mukaan
Tuloshistoriasi
Et ole pelannut tätä visaa